00908nac a22002171u 4500008004100000020001500041020001800056082002200074100004100096245023100137260005100368300002500419504004600444650003300490650003900523700003000562700003100592700002600623942002600649999001500675130122s2001 enk||||| |||| 00| 0 eng d a0521300142 a9780521317252 a801.9509bCAM222 a20080729 931972 aThe cambridge history of literary criticism ( Volume 9 )cEdited by Christa Knellwolf and Christopher Norris,assistant editor Jessica OsbornnVolume 9pTwentith-century historical,philosophical and psychological perspectives / aCambridge:bCambridge University Press,c2001. axiii,482 p. ;c20cm. aIncludes bibliography:p.419-460 and index a Criticismx History.931973 aCriticismxHistoryzEurope.931974 aKnellwolf,Christa.931975 aNorris,Christopher.931976 aOsborn,Jessica931977 cBBk801.9509 CAM2ddc c2235d2235